[Event "FIDE Grand Swiss 2021"]
[Site "Riga"]
[Date "29.10.2021"]
[Round "3"]
[White "Harikrishna, Pentala"]
[Black "Morovic Fernandez, Ivan"]
[Result "1-0"]
[WhiteElo "2719"]
[BlackElo "2510"]
[EventDate "2021"]

1. e4 c5 2. Nf3 e6 3. d4 cxd4 4. Nxd4 Nf6 5. Nc3 Nc6 6. Ndb5 Bb4 7. a3
Bxc3+ 8. Nxc3 d5 9. Bd3 dxe4 10. Nxe4 Nxe4 11. Bxe4 Qxd1+ 12. Kxd1 Bd7 13.
Be3 f5 14. Bf3 Kf7 15. Kc1 Rhd8 16. b3 e5 17. Re1 e4 18. Bh5+ g6 19. Be2
Be6 20. Kb2 Rd7 21. h4 a6 22. Rad1 Rad8 23. Bg5 Rxd1 24. Bxd1 Rd7 25. h5
Ne5 26. hxg6+ hxg6 27. Be2 Bd5 28. Rh1 Ng4 29. Bxg4 fxg4 30. Be3 g3 31.
fxg3 Bc6 32. g4 Ke6 33. a4 Rf7 34. Kc3 Kd6 35. Rh6 Rg7 36. Kd4 Bd7 37. g5
Bf5 38. c4 Kc6 39. b4 b5 40. cxb5+ axb5 41. a5 Kb7 42. Ke5 Re7+ 43. Kf4 Rf7
44. Rh8 Bd7+ 45. Ke5 Bc6 46. g4 Rd7 47. Rg8 Rd5+ 48. Kf4 Rd6 49. Rg7+ Ka8
50. a6 Re6 51. Rc7 Kb8 1-0

[Event "FIDE Grand Swiss 2021"]
[Site "Riga"]
[Date "29.10.2021"]
[Round "3"]
[White "Xiong, Jeffery"]
[Black "Kuzubov, Yuriy"]
[Result "1/2-1/2"]
[WhiteElo "2700"]
[BlackElo "2624"]
[EventDate "2021"]

1. Nf3 d5 2. g3 c5 3. Bg2 g6 4. c4 Nf6 5. Qa4+ Bd7 6. Qb3 dxc4 7. Qxc4 Nc6
8. O-O Rc8 9. Nc3 Na5 10. Qh4 Bg7 11. d4 cxd4 12. Qxd4 Nc6 13. Qh4 h6 14.
Rd1 Qa5 15. Be3 Bg4 16. Ne4 Bf5 17. Bd2 Qb6 18. Nxf6+ Bxf6 19. Qa4 Bg7 20.
Be3 Qa5 21. Qxa5 Nxa5 22. Bd4 O-O 23. Bxg7 Kxg7 24. Nd4 Bd7 25. b4 Nc6 26.
Nxc6 Bxc6 27. Bxc6 Rxc6 28. Rd7 Rb6 29. a3 e6 30. Rc1 a5 31. bxa5 Rb5 32.
Rc3 g5 33. Rf3 h5 34. h3 Kg6 35. Kg2 Rxa5 36. Rxb7 Re5 37. Kf1 f6 38. Rbb3
Ra5 39. Rb6 Re5 40. Rc3 Ra8 41. g4 hxg4 42. hxg4 Re4 43. f3 Rea4 44. Rbb3
R8a6 45. Kf2 f5 46. gxf5+ exf5 47. Kg3 R4a5 48. f4 gxf4+ 49. Kxf4 Ra4+ 50.
Ke3 Kf6 51. Kd2 f4 52. Ke1 Kf5 53. Rc5+ Kg6 54. Rcc3 Kf5 55. Kf2 R4a5 56.
Rh3 Kg6 57. Rhf3 Kg5 58. Rb8 Rxa3 59. Rg8+ Kf5 60. Rf8+ Ke5 61. Re8+ Kf5
62. Rf8+ Ke5 63. R3xf4 Re6 64. R8f7 Ra2 65. Kf3 Ra3+ 66. e3 Kd6 67. Rd4+
Kc6 68. Re4 Kd6 69. Rd4+ 1/2-1/2

[Event "FIDE Grand Swiss 2021"]
[Site "Riga"]
[Date "29.10.2021"]
[Round "3"]
[White "Martirosyan, Haik M."]
[Black "Eljanov, Pavel"]
[Result "1/2-1/2"]
[WhiteElo "2624"]
[BlackElo "2691"]
[EventDate "2021"]

1. d4 d5 2. c4 c6 3. Nf3 Nf6 4. Nc3 e6 5. Bg5 Nbd7 6. e3 Qa5 7. Nd2 dxc4 8.
Bxf6 Nxf6 9. Nxc4 Qc7 10. Rc1 Bd6 11. Qf3 O-O 12. Be2 Rd8 13. Nxd6 Qxd6 14.
Qg3 Qb4 15. Rc2 Ne4 16. Qh4 Nf6 17. Qg3 Ne4 18. Qh4 Nf6 19. Qg3 1/2-1/2

[Event "FIDE Grand Swiss 2021"]
[Site "Riga"]
[Date "29.10.2021"]
[Round "3"]
[White "Sadhwani, Raunak"]
[Black "Van Foreest, Jorden"]
[Result "1/2-1/2"]
[WhiteElo "2609"]
[BlackElo "2691"]
[EventDate "2021"]

1. d4 Nf6 2. c4 e6 3. g3 d5 4. Bg2 dxc4 5. Nf3 Nc6 6. Qa4 Bb4+ 7. Bd2 Nd5
8. Qb5 Bxd2+ 9. Nbxd2 c3 10. bxc3 Nxc3 11. Qb3 Nd5 12. O-O O-O 13. Rfc1 h6
14. e3 a5 15. Rc5 a4 16. Qb2 a3 17. Qb3 Bd7 18. Qxb7 Ncb4 19. Ne5 Ba4 20.
Bxd5 Nxd5 21. Nc6 Qd7 22. Rb1 Bxc6 23. Rxc6 Rab8 24. Qxb8 Qxc6 25. Qb3 Nc3
26. Re1 Ra8 27. Nc4 Ne4 28. Ne5 Qc3 29. Rb1 Qd2 30. Qb7 Qxf2+ 31. Kh1 Nxg3+
32. hxg3 Rf8 33. Qg2 Qxe3 34. Nc6 f5 35. Rf1 Kh7 36. Qf3 Qd2 37. Rf2 Qc1+
38. Kh2 Rf6 39. Ne5 Rf8 40. Qb3 Qe1 41. Rg2 Qe4 42. Qxa3 Rd8 43. Qe7 Rxd4
44. Nd7 Qf3 45. Nf6+ Kg6 46. Ne8 Qh5+ 47. Kg1 Qd1+ 48. Kh2 Qh5+ 49. Kg1
Qd1+ 1/2-1/2

[Event "FIDE Grand Swiss 2021"]
[Site "Riga"]
[Date "29.10.2021"]
[Round "3"]
[White "Adly, Ahmed"]
[Black "Matlakov, Maxim"]
[Result "1/2-1/2"]
[WhiteElo "2602"]
[BlackElo "2682"]
[EventDate "2021"]

1. d4 Nf6 2. c4 e6 3. Nf3 d5 4. g3 Be7 5. Bg2 O-O 6. O-O dxc4 7. Qc2 b5 8.
Ne5 Nd5 9. b3 Bb7 10. Bd2 c5 11. bxc4 bxc4 12. Qb2 Qb6 13. Qxb6 axb6 14.
Nxc4 Nd7 15. dxc5 Bxc5 16. Nc3 Ba6 17. Nxd5 exd5 18. Bxd5 Rad8 19. Rfc1 Nf6
20. e4 Nxd5 21. exd5 Rxd5 22. Be3 Bxc4 23. Rxc4 Bxe3 24. fxe3 Rd2 25. a4 h5
26. Rf1 Re8 27. Rf2 Rd3 28. Rb4 Re6 29. Rfb2 Rdxe3 30. Rxb6 Re1+ 31. Kf2
Rxb6 32. Rxb6 1/2-1/2

[Event "FIDE Grand Swiss 2021"]
[Site "Riga"]
[Date "29.10.2021"]
[Round "3"]
[White "Gelfand, Boris"]
[Black "Goryachkina, Aleksandra"]
[Result "1/2-1/2"]
[WhiteElo "2680"]
[BlackElo "2602"]
[EventDate "2021"]

1. c4 c6 2. Nf3 d5 3. d4 Nf6 4. e3 Bf5 5. Nc3 e6 6. Nh4 Bg6 7. Be2 Be7 8.
O-O Nbd7 9. g3 dxc4 10. Nxg6 hxg6 11. Bxc4 Qa5 12. Bd3 Rd8 13. Bd2 Qc7 14.
Rc1 e5 15. Qf3 exd4 16. exd4 Nb6 17. Rfe1 Qd7 18. Bf1 O-O 19. Rcd1 Rfe8 20.
Bg5 Nfd5 21. Bc1 Qf5 22. Kg2 Bb4 23. Rxe8+ Rxe8 24. Nxd5 Nxd5 25. Bc4 Ba5
26. Qxf5 gxf5 27. Bxd5 cxd5 28. Be3 Rc8 29. Rc1 Rxc1 30. Bxc1 Kf8 31. Kf3
1/2-1/2

[Event "FIDE Grand Swiss 2021"]
[Site "Riga"]
[Date "29.10.2021"]
[Round "3"]
[White "Adhiban, Baskaran"]
[Black "Onyshchuk, Volodymyr"]
[Result "0-1"]
[WhiteElo "2672"]
[BlackElo "2622"]
[EventDate "2021"]

1. d4 Nf6 2. c4 g6 3. Nc3 Bg7 4. e4 O-O 5. Bg5 d6 6. h3 c5 7. d5 a6 8. a4
e6 9. Bd3 Re8 10. Nge2 h6 11. Be3 exd5 12. cxd5 b6 13. Qd2 Kh7 14. O-O Ra7
15. f4 Rae7 16. Ng3 Nxe4 17. Ncxe4 f5 18. Bc2 Bxb2 19. Rae1 Bg7 20. Nf2 b5
21. Nd1 h5 22. Bf2 h4 23. Rxe7 Qxe7 24. Re1 Qd7 25. Nxf5 Rxe1+ 26. Qxe1
gxf5 27. Ne3 Qf7 28. axb5 axb5 29. Qb1 b4 30. Nxf5 Bxf5 31. Bxf5+ Kh8 32.
Qe4 Bf6 33. Qe2 Nd7 34. Bc2 Nf8 35. Qd3 Kg7 36. Kh2 Ng6 37. Be3 Ne7 38.
Qh7+ Kf8 39. Qd3 Qxd5 40. Qb5 Kg7 41. Bd3 Qe6 42. Bf2 Qa2 43. Be3 Qa3 44.
Bf2 Qb2 45. Be3 Qc3 46. Bf2 b3 47. Bc4 Qd2 48. Bg1 b2 49. Be6 Qxf4+ 50. Kh1
Qe4 51. Ba2 c4 0-1

[Event "FIDE Grand Swiss 2021"]
[Site "Riga"]
[Date "29.10.2021"]
[Round "3"]
[White "Bartel, Mateusz"]
[Black "Rakhmanov, Aleksandr"]
[Result "1/2-1/2"]
[WhiteElo "2597"]
[BlackElo "2657"]
[EventDate "2021"]

1. e4 e5 2. Nf3 Nf6 3. Nxe5 d6 4. Nf3 Nxe4 5. Nc3 Nf6 6. d4 Be7 7. Bg5 h6
8. Bh4 Nbd7 9. Qd2 Nb6 10. O-O-O Be6 11. Bxf6 Bxf6 12. d5 Bxc3 13. Qxc3
Nxd5 14. Qxg7 Qf6 15. Qxf6 Nxf6 16. Nd4 O-O-O 17. Nxe6 fxe6 18. f4 e5 19.
Bc4 Rde8 20. fxe5 Rxe5 21. Rdf1 Ng4 22. Bd3 Ne3 23. Rf2 Rhe8 24. g4 c5 25.
h4 c4 26. Bg6 Rg8 27. h5 Nxg4 28. Rf4 Ne3 29. Kd2 Rg7 30. Rhh4 Rge7 31. a4
Kc7 32. Re4 Rxe4 33. Bxe4 Nf1+ 34. Kc3 Ng3 35. Bd5 Re5 36. Rxc4+ Kb8 37.
Bf7 Nxh5 38. Rh4 Ng3 39. Rxh6 Nf5 40. Rh2 Kc7 41. Bc4 Ne7 1/2-1/2

[Event "FIDE Grand Swiss 2021"]
[Site "Riga"]
[Date "29.10.2021"]
[Round "3"]
[White "Paravyan, David"]
[Black "Jobava, Baadur"]
[Result "0-1"]
[WhiteElo "2642"]
[BlackElo "2582"]
[EventDate "2021"]

1. d4 d5 2. c4 c6 3. Nf3 Nf6 4. Nc3 dxc4 5. a4 Bf5 6. Ne5 Nbd7 7. Nxc4 Nb6
8. Ne5 a5 9. h3 Bg6 10. g3 Nfd7 11. Nxg6 hxg6 12. Bg2 e5 13. d5 cxd5 14.
Bxd5 Nxd5 15. Qxd5 Qb6 16. O-O Rxh3 17. Rd1 Qc6 18. Bg5 Be7 19. Bh4 Bxh4
20. Kg2 Bxg3 21. Kxh3 Bxf2 22. Rf1 Qxd5 23. Nxd5 Bb6 24. Rac1 Rd8 25. Rfd1
Bd4 26. Rc7 b6 27. Kg2 Nf6 28. Nxf6+ gxf6 29. b3 f5 30. Rb7 e4 31. Rh1 Rd6
32. Rh7 Rd7 33. Rxd7 Kxd7 34. Rxf7+ Ke6 35. Rh7 f4 36. Kh3 Kf5 37. Rf7+ Bf6
38. Rb7 g5 39. Rxb6 g4+ 40. Kh2 f3 41. e3 Bc3 42. Rb5+ Kf6 43. b4 Be1 44.
Rb6+ Kf7 45. Rb7+ Ke6 46. Rb6+ Kd7 47. Rg6 g3+ 48. Kh3 g2 49. bxa5 Bxa5 50.
Rg7+ Ke6 51. Kh2 Bd2 52. a5 Bxe3 53. a6 Kf6 54. Rg8 Ba7 55. Rg3 Bb8 56. Kg1
Bxg3 57. a7 e3 0-1

[Event "FIDE Grand Swiss 2021"]
[Site "Riga"]
[Date "29.10.2021"]
[Round "3"]
[White "Tabatabaei, M. Amin"]
[Black "Gretarsson, Hjorvar Steinn"]
[Result "1-0"]
[WhiteElo "2639"]
[BlackElo "2577"]
[EventDate "2021"]

1. d4 d5 2. Nf3 Nf6 3. Bf4 c5 4. e3 Nc6 5. Nbd2 e6 6. c3 Bd6 7. Bg3 O-O 8.
Bd3 b6 9. Qe2 Bb7 10. e4 Be7 11. e5 Nh5 12. Ng5 Bxg5 13. Qxh5 g6 14. Qe2
cxd4 15. h4 dxc3 16. bxc3 Bxd2+ 17. Qxd2 f6 18. h5 g5 19. exf6 Qxf6 20. O-O
e5 21. f3 Rad8 22. Rae1 Rfe8 23. Re2 Re6 24. Rfe1 g4 25. fxg4 e4 26. Bb5
Ne5 27. Rf2 Qe7 28. Rf5 Nf7 29. Ref1 e3 30. Qd4 Nh6 31. Re5 Rxe5 32. Bxe5
Qc5 33. g5 Ng4 34. Be2 Qxd4 35. Bxd4 Bc8 36. Rf4 Re8 37. c4 Re4 38. Rxe4
dxe4 39. c5 bxc5 40. Bc4+ Kf8 41. Bxc5+ Ke8 42. g6 hxg6 43. hxg6 e2 44. Bb4
Bf5 45. Bf7+ Kd7 46. g7 Bh7 47. Bg6 Bg8 48. Bf5+ 1-0

[Event "FIDE Grand Swiss 2021"]
[Site "Riga"]
[Date "29.10.2021"]
[Round "3"]
[White "Niemann, Hans Moke"]
[Black "Nguyen, Thai Dai Van"]
[Result "1/2-1/2"]
[WhiteElo "2638"]
[BlackElo "2577"]
[EventDate "2021"]

1. Nf3 Nf6 2. g3 c5 3. b3 d5 4. Bb2 Nc6 5. Bg2 d4 6. O-O e5 7. Na3 Bd6 8.
Nc4 Bc7 9. a4 Rb8 10. Ba3 b6 11. e3 O-O 12. exd4 exd4 13. c3 Be6 14. cxd4
Nxd4 15. Bb2 Bg4 16. Bxd4 cxd4 17. h3 Be6 18. Re1 Rc8 19. Rc1 h6 20. Qe2 d3
21. Qf1 Re8 22. Re3 Bf5 23. Rxe8+ Nxe8 24. Rc3 Bb8 25. Qc1 Nf6 26. Nce5
Rxc3 27. Qxc3 Ne4 28. Qc4 Qc7 29. Nc6 Nd6 30. Qc1 Be4 31. Nfd4 Nf5 32. Qe1
Nxd4 33. Nxd4 Bxg2 34. Qe8+ Kh7 35. Kxg2 Qe5 36. Qxe5 Bxe5 37. Nf5 g6 38.
Ne3 f5 39. f4 Bd4 40. Kf3 Kg7 41. Nd1 Kf6 42. Nf2 Ke6 43. Nxd3 a5 44. Ne1
Kd5 45. Nc2 h5 46. Ne3+ Kc5 47. Ke2 Bg7 48. Nc2 h4 49. gxh4 Kd5 50. Ke3 Bf6
51. h5 gxh5 52. Kd3 Bh4 53. Ne3+ Ke6 54. Ke2 Bf6 55. Kf3 Bd4 56. Kg3 Bf6
57. Nc4 Kd5 58. Nxb6+ Ke4 59. h4 Bd8 60. Nc4 Kd3 61. Ne5+ Kxd2 62. Nc6 Bb6
63. b4 axb4 64. Nxb4 Ke2 65. Nc6 Bf2+ 66. Kg2 Bxh4 67. Nd4+ Kd3 68. a5 Bd8
69. a6 Bb6 70. Nxf5 Ke4 71. Ne7 Bc5 72. Ng6 Kd5 73. f5 Bd4 74. Ne7+ Kd6 75.
Nc8+ Ke5 76. Ne7 1/2-1/2

[Event "FIDE Grand Swiss 2021"]
[Site "Riga"]
[Date "29.10.2021"]
[Round "3"]
[White "Vokhidov, Shamsiddin"]
[Black "Zhou, Jianchao"]
[Result "0-1"]
[WhiteElo "2521"]
[BlackElo "2629"]
[EventDate "2021"]

1. e4 c5 2. Nf3 d6 3. d4 cxd4 4. Nxd4 Nf6 5. Nc3 a6 6. h3 e5 7. Nb3 Be6 8.
f4 b5 9. f5 Bc8 10. Bg5 Nbd7 11. a4 b4 12. Nd5 Bb7 13. Bc4 Be7 14. Bxf6
Nxf6 15. Qd3 Nxd5 16. exd5 Bh4+ 17. g3 Bg5 18. h4 Bh6 19. a5 O-O 20. Qe4
Rc8 21. Rh2 Qc7 22. Bd3 f6 23. Rd1 Ba8 24. Kf1 Qb7 25. Qe2 Qxd5 26. Bxa6
Qc6 27. Bxc8 Rxc8 28. Kg1 d5 29. a6 d4 30. Na5 Qb6 31. Nc4 Qc5 0-1

[Event "FIDE Grand Swiss 2021"]
[Site "Riga"]
[Date "29.10.2021"]
[Round "3"]
[White "Yilmaz, Mustafa"]
[Black "Bjerre, Jonas Buhl"]
[Result "1/2-1/2"]
[WhiteElo "2626"]
[BlackElo "2569"]
[EventDate "2021"]

1. d4 Nf6 2. c4 e6 3. Nf3 d5 4. Nc3 Bb4 5. Qa4+ Nc6 6. e3 O-O 7. Qc2 Re8 8.
Bd2 a6 9. a3 Bd6 10. h3 Bd7 11. Rd1 e5 12. cxd5 exd4 13. dxc6 dxc3 14. cxd7
cxd2+ 15. Rxd2 Qxd7 16. Bd3 Qe7 17. O-O Rad8 18. Rfd1 c6 19. g3 Bb8 20. b4
g6 21. Bc4 Rxd2 22. Rxd2 Ne4 23. Rd4 Nd6 24. Ba2 Nf5 25. Rd3 Rd8 26. h4
Rxd3 27. Qxd3 Nd6 28. Qd4 h6 29. Kg2 Bc7 30. Bb3 Bb8 31. h5 g5 32. Bc2 Bc7
33. Qd3 Kf8 34. Qd4 Kg8 35. Nh2 Qe6 36. Nf3 Qe7 1/2-1/2

[Event "FIDE Grand Swiss 2021"]
[Site "Riga"]
[Date "29.10.2021"]
[Round "3"]
[White "Jumabayev, Rinat"]
[Black "Meshkovs, Nikita"]
[Result "1/2-1/2"]
[WhiteElo "2658"]
[BlackElo "2550"]
[EventDate "2021"]

1. Nf3 d5 2. g3 Nd7 3. d4 Nb6 4. Bg2 Bf5 5. Nbd2 e6 6. Nh4 Bg4 7. O-O Nf6
8. Qe1 c5 9. dxc5 Bxc5 10. e4 O-O 11. c3 Nfd7 12. Nhf3 Re8 13. Nb3 e5 14.
h3 Bh5 15. Nh4 d4 16. cxd4 exd4 17. Nf5 Rc8 18. Bf4 Ne5 19. g4 Bg6 20. Qd1
d3 21. Rc1 Bf8 22. Rxc8 Nxc8 23. Nc1 h5 24. Bxe5 Rxe5 25. Nxd3 Ra5 26. Nf4
Qxd1 27. Rxd1 hxg4 28. hxg4 Bxf5 29. exf5 Ra4 30. Nd5 Rxg4 31. f6 Rc4 32.
Bh3 gxf6 33. Nxf6+ Kg7 34. Ne8+ Kg6 35. Rd7 Rc1+ 36. Kg2 Re1 37. Nc7 Nb6
38. Rd3 Re5 39. Bg4 Rc5 40. Ne8 f5 41. Bd1 Nd5 42. Kf3 Nb4 43. Rd7 Rd5 44.
Rxd5 Nxd5 45. Bb3 Nb4 46. Nc7 1/2-1/2

[Event "FIDE Grand Swiss 2021"]
[Site "Riga"]
[Date "29.10.2021"]
[Round "3"]
[White "Antipov, Mikhail Al."]
[Black "Suleymanli, Aydin"]
[Result "1-0"]
[WhiteElo "2619"]
[BlackElo "2541"]
[EventDate "2021"]

1. e4 c6 2. d4 d5 3. exd5 cxd5 4. Bd3 Nc6 5. c3 Qc7 6. h3 g6 7. Nf3 Bf5 8.
Bb5 a6 9. Bxc6+ bxc6 10. O-O Bg7 11. Be3 Nf6 12. Nbd2 O-O 13. Re1 a5 14.
Rc1 a4 15. b4 axb3 16. axb3 Ra2 17. b4 Rfa8 18. Ne5 Nd7 19. Nxd7 Qxd7 20.
Bf4 Rb2 21. g4 Be6 22. Nb3 Rxb3 23. Qxb3 h5 24. Ra1 Rxa1 25. Rxa1 hxg4 26.
Ra8+ Kh7 27. Qa2 Bf5 28. f3 g3 29. Qg2 f6 30. h4 e5 31. Bxg3 e4 32. Bf4 Qb7
33. Qa2 Qd7 34. Qa7 Qe6 35. Qb8 g5 36. hxg5 Bg6 37. Qc8 Bf5 38. Qxe6 Bxe6
39. gxf6 Bxf6 40. b5 1-0

[Event "FIDE Grand Swiss 2021"]
[Site "Riga"]
[Date "29.10.2021"]
[Round "3"]
[White "Ivic, Velimir"]
[Black "Budisavljevic, Luka"]
[Result "1/2-1/2"]
[WhiteElo "2606"]
[BlackElo "2508"]
[EventDate "2021"]

1. e4 c5 2. Nf3 e6 3. d4 cxd4 4. Nxd4 Nc6 5. Nc3 Nf6 6. Nxc6 bxc6 7. e5 Nd5
8. Ne4 Qc7 9. f4 f5 10. exf6 gxf6 11. Bd3 Qb6 12. f5 exf5 13. Nf2 Ba6 14.
O-O O-O-O 15. Kh1 Rg8 16. a4 Bxd3 17. Qxd3 Nb4 18. Qb3 Bd6 19. Be3 Qb8 20.
Bd2 Nd5 21. Qd3 Rg7 22. c4 Rdg8 23. g3 Ne7 24. Rad1 c5 25. Nh3 Bxg3 26. Bf4
Qb7+ 27. Qf3 Qxf3+ 28. Rxf3 Bxf4 29. Nxf4 Rg4 30. b3 Nc6 31. Nd5 Rd4 32.
Rdf1 Rd2 33. R3f2 Rxf2 34. Rxf2 Rg5 35. h4 Rg4 36. Rxf5 Rxh4+ 37. Kg2 Nd4
38. Rxf6 Nxb3 39. Nf4 Rg4+ 40. Kf3 Rg1 41. Rf8+ Kc7 42. Nd5+ Kd6 43. Ne3
Nd4+ 44. Ke4 Re1 45. Kd3 h5 46. Rh8 Rh1 47. Rh6+ Ne6 48. Rh7 Kc6 49. Nf5
Rh3+ 50. Kd2 Ng5 51. Rh6+ Kc7 52. Nd6 Ne6 53. Ne8+ Kd8 54. Nf6 Nf4 55. Rh7
Rd3+ 56. Kc2 Rd4 57. Kb3 Rd3+ 58. Kc2 Rd4 59. Kb3 Rd6 60. Rh8+ Ke7 61. Nxh5
Ne6 62. Kc3 Ng5 63. Nf4 Ne4+ 64. Kb3 Nd2+ 65. Kc3 Ne4+ 66. Kb3 Kf6 67. Re8
Rd4 68. Nd5+ Kf5 69. Rf8+ Ke5 70. Re8+ Kd6 71. Nc3 Nd2+ 72. Kc2 a6 73. Rh8
Nxc4 74. Rh6+ Kc7 75. Rxa6 Ne3+ 76. Kc1 Rd3 77. Nb5+ Kb7 78. Rh6 Nc4 79.
Kc2 Rg3 80. Nc3 Rg2+ 81. Kd3 Nb2+ 82. Ke4 Rg4+ 83. Ke5 Nd3+ 84. Kd6 Rd4+
85. Ke7 Ne5 86. Rd6 Rc4 87. Nd5 Rxa4 88. Rb6+ Ka7 89. Rb5 Ra6 90. Rxc5 Re6+
91. Kd8 Rc6 92. Ra5+ Kb7 93. Rb5+ Ka6 94. Nc7+ Rxc7 95. Rxe5 Kb6 96. Rd5
Kc6 97. Rd1 Ra7 98. Rc1+ Kd5 1/2-1/2

[Event "FIDE Grand Swiss 2021"]
[Site "Riga"]
[Date "29.10.2021"]
[Round "3"]
[White "Georgiev, Kiril"]
[Black "Rakotomaharo, Fy Antenaina"]
[Result "1/2-1/2"]
[WhiteElo "2577"]
[BlackElo "2484"]
[EventDate "2021"]

1. Nf3 d5 2. d4 Nf6 3. c4 e6 4. g3 Be7 5. Bg2 O-O 6. O-O dxc4 7. Qc2 b5 8.
a4 b4 9. Ne5 Qxd4 10. Bxa8 Qxe5 11. Bf3 Ba6 12. Bf4 Qc5 13. Be3 Qa5 14. Nd2
b3 15. Qc1 Qb4 16. Nb1 Nd5 17. Bd2 Qc5 18. Nc3 Nc6 19. Rd1 Rd8 20. Ne4 Qb6
21. a5 Qb5 22. Nc3 Qc5 23. Be3 Nxe3 24. Qxe3 Qxe3 25. fxe3 Ne5 26. Kf2 Rb8
27. h3 Kf8 28. Be4 Bb4 29. Rd4 Ke7 30. Rdd1 Bd6 31. Bf3 Bb4 32. Be4 Bd6
1/2-1/2

[Event "FIDE Grand Swiss 2021"]
[Site "Riga"]
[Date "30.10.2021"]
[Round "4"]
[White "Yu, Yangyi"]
[Black "Firouzja, Alireza"]
[Result "1/2-1/2"]
[WhiteElo "2704"]
[BlackElo "2770"]
[EventDate "2021"]

1. d4 d5 2. Nf3 Nf6 3. c4 c6 4. Nc3 dxc4 5. a4 Bf5 6. e3 e6 7. Bxc4 Bb4 8.
O-O O-O 9. Qe2 Bg6 10. Ne5 Nbd7 11. Nxg6 hxg6 12. Rd1 Qa5 13. Qc2 c5 14.
Na2 cxd4 15. Nxb4 Qxb4 16. Rxd4 Rac8 17. Qe2 Qb6 18. a5 Qc7 19. a6 e5 20.
axb7 exd4 21. bxc8=Q Rxc8 22. b3 Ne5 23. exd4 Nxc4 24. bxc4 Qxc4 25. Qxc4
Rxc4 26. Be3 Rc7 27. d5 Nxd5 28. Bxa7 g5 29. h3 f6 30. g3 Kf7 1/2-1/2

[Event "FIDE Grand Swiss 2021"]
[Site "Riga"]
[Date "30.10.2021"]
[Round "4"]
[White "Nihal, Sarin"]
[Black "Ponkratov, Pavel"]
[Result "1/2-1/2"]
[WhiteElo "2652"]
[BlackElo "2659"]
[EventDate "2021"]

1. d4 d5 2. c4 c6 3. Nf3 Nf6 4. Nc3 e6 5. e3 Nbd7 6. Be2 Bd6 7. O-O O-O 8.
b3 Ne4 9. Nxe4 dxe4 10. Nd2 f5 11. Bb2 Bxh2+ 12. Kxh2 Qh4+ 13. Kg1 Rf6 14.
f3 Rh6 15. Qe1 Qh2+ 16. Kf2 Qh4+ 17. Kg1 Qh2+ 18. Kf2 Qh4+ 19. Kg1 Qh2+ 20.
Kf2 1/2-1/2

[Event "FIDE Grand Swiss 2021"]
[Site "Riga"]
[Date "30.10.2021"]
[Round "4"]
[White "Najer, Evgeniy"]
[Black "Saric, Ivan"]
[Result "1/2-1/2"]
[WhiteElo "2654"]
[BlackElo "2644"]
[EventDate "2021"]

1. e4 c5 2. Nf3 d6 3. d4 cxd4 4. Nxd4 Nf6 5. Nc3 a6 6. Be2 e5 7. Nb3 Be7 8.
Be3 Be6 9. Nd5 Nbd7 10. Qd3 Bxd5 11. exd5 Rc8 12. O-O-O Nb6 13. Kb1 O-O 14.
Bf3 Nc4 15. Bc1 Qd7 16. h3 Qa4 17. Rhe1 Bd8 18. g4 Re8 19. Be4 g6 20. f3
Nd7 21. h4 Bxh4 22. Rg1 Bf6 23. Rh1 Bg7 24. Rh3 Nf8 25. Rdh1 Qb5 26. Nd2
Nb6 27. Qxb5 axb5 28. Nf1 Red8 29. Bg5 Rd7 30. b3 Rdc7 31. Bd2 Nbd7 32. Bd3
e4 33. fxe4 Nc5 34. Ba5 Re7 35. Nd2 Nxd3 36. cxd3 Nd7 37. Bb4 Nc5 38. Rxh7
Nxd3 39. Bxd6 Rd7 40. Bg3 b6 41. g5 Rc3 42. Nf3 Rd8 43. Ne5 Re8 44. Nc6
Rxe4 45. Bd6 Nf2 46. Ne7+ Rxe7 47. Bxe7 Nxh1 48. Rxh1 Rc7 49. d6 Rd7 50.
Rc1 Be5 51. Rc8+ Kg7 52. Bf8+ Kh7 53. Be7 Kg7 54. Kc2 f5 55. gxf6+ Kf7 56.
Rc6 Ra7 57. Rc8 Ke6 58. Rg8 Rxa2+ 59. Kd3 Rf2 60. Ke3 Rf1 61. Rxg6 1/2-1/2

[Event "FIDE Grand Swiss 2021"]
[Site "Riga"]
[Date "30.10.2021"]
[Round "4"]
[White "Aronian, Levon"]
[Black "Hovhannisyan, Robert"]
[Result "1/2-1/2"]
[WhiteElo "2782"]
[BlackElo "2622"]
[EventDate "2021"]

1. d4 d5 2. Bf4 c5 3. e3 Nc6 4. Nf3 Nf6 5. Nbd2 Bg4 6. c3 e6 7. Qb3 Qc8 8.
h3 Bh5 9. Be2 Be7 10. g4 Bg6 11. Nh4 Be4 12. f3 Bg6 13. Nxg6 hxg6 14. h4
Qd7 15. dxc5 Bxc5 16. O-O-O O-O-O 17. Ne4 Nxe4 18. fxe4 Bd6 19. Bxd6 Qxd6
20. exd5 exd5 21. Bf3 Qc5 22. Kb1 Na5 23. Qb4 Qxb4 24. cxb4 Nc4 25. Bxd5
Nxe3 26. Rc1+ Kb8 27. Bxf7 Nxg4 28. Bxg6 Ne5 29. Bc2 Rd4 30. h5 Rxb4 31.
Rcg1 Rg4 32. Bd1 Rxg1 33. Rxg1 Rd8 34. Bc2 Rd7 35. a3 Re7 36. Ka2 Nd7 37.
Rf1 Kc7 38. Rf4 Ne5 39. Kb3 Nd7 40. Rf3 Kd6 41. Rg3 Nf6 42. Rg6 Ke5 43. a4
Rc7 44. Rg5+ Kd6 45. Bd3 Rc5 46. Rxg7 Rxh5 47. Rxb7 Nd7 48. Ka2 Nc5 49. Rb5
a6 50. Ra5 Kc6 51. Bf1 Rf5 52. Be2 Kb6 53. b4 Rf2 54. Rxc5 Rxe2+ 55. Kb3
Rh2 56. Rd5 Rh7 57. Rd6+ Kb7 58. Kc4 Rh4+ 59. Kc5 Rh5+ 60. Rd5 Rh7 61. Re5
Rc7+ 62. Kd4 Rd7+ 63. Rd5 Rh7 64. a5 Rg7 65. Rd6 Rh7 66. Rb6+ Ka7 67. Re6
Kb7 68. Kd5 Rd7+ 69. Ke5 Rd1 70. Rb6+ Ka7 71. Rd6 Re1+ 72. Kd5 Rd1+ 73. Ke6
Re1+ 74. Kd7 Re4 75. Rc6 Rxb4 76. Rc7+ Kb8 77. Rc8+ Kb7 78. Rc7+ Kb8 79.
Rc8+ Kb7 1/2-1/2

[Event "FIDE Grand Swiss 2021"]
[Site "Riga"]
[Date "30.10.2021"]
[Round "4"]
[White "Swiercz, Dariusz"]
[Black "Caruana, Fabiano"]
[Result "1/2-1/2"]
[WhiteElo "2647"]
[BlackElo "2800"]
[EventDate "2021"]

1. d4 Nf6 2. c4 e6 3. Nf3 d5 4. Nc3 Bb4 5. Bg5 h6 6. Bxf6 Qxf6 7. e3 O-O 8.
Qb3 c5 9. cxd5 exd5 10. dxc5 Bxc3+ 11. Qxc3 Qxc3+ 12. bxc3 Nd7 13. Rd1 Nf6
14. Nd4 Bd7 15. f3 Rfc8 16. Nb3 Ba4 17. Rd4 Bxb3 18. axb3 Rxc5 19. Kd2 Rac8
20. Bd3 a5 21. Rc1 Kf8 22. g4 Ke7 23. h4 g6 24. b4 axb4 25. Rxb4 R8c7 26.
Rcb1 Rxc3 27. Rxb7 h5 28. g5 Nd7 29. Rxc7 Rxc7 30. f4 Ra7 31. Bc2 Kd6 32.
e4 dxe4 33. Bxe4 Ra4 34. Ke3 Ra3+ 35. Kd4 Rh3 36. Rh1 Rg3 37. Rd1 Nf8 38.
f5 Rh3 39. Ra1 gxf5 40. Ra6+ Ke7 41. Ra7+ Kd6 42. Ra6+ Ke7 43. Ra7+ 1/2-1/2

[Event "FIDE Grand Swiss 2021"]
[Site "Riga"]
[Date "30.10.2021"]
[Round "4"]
[White "Vachier-Lagrave, Maxime"]
[Black "Demchenko, Anton"]
[Result "1-0"]
[WhiteElo "2763"]
[BlackElo "2651"]
[EventDate "2021"]

1. e4 e5 2. Nf3 Nc6 3. Bb5 g6 4. c3 Bg7 5. d4 exd4 6. cxd4 a6 7. Ba4 b5 8.
Bc2 d6 9. h3 Nf6 10. O-O Bb7 11. a3 O-O 12. Re1 Re8 13. Bg5 h6 14. Bh4 Ne7
15. Nc3 Nh5 16. e5 Qd7 17. d5 Nf4 18. e6 fxe6 19. dxe6 Qc6 20. Re4 Ned5 21.
Nxd5 Nxd5 22. Rg4 Rxe6 23. Bb3 Bxb2 24. Rb1 Bxa3 25. Nd4 Qe8 26. Nxe6 Qxe6
27. Qd2 h5 28. Re1 1-0